[Event "Petrov Memorial op"]
[Site "St Petersburg"]
[Date "2000.02.12"]
[Round "5"]
[White "Varavin, Viktor"]
[Black "Iljushin, Alexei"]
[Result "1-0"]
[WhiteElo "2410"]
[BlackElo "2515"]
[Annotator "Psakhis,L"]
[PlyCount "69"]
[EventDate "2000.02.05"]
[EventType "swiss"]
[EventRounds "9"]
[EventCountry "RUS"]
[SourceTitle "CBM 076"]
[Source "ChessBase"]
[SourceDate "2000.05.31"]
[SourceVersion "1"]
[SourceVersionDate "2000.05.31"]
[SourceQuality "1"]

1. e4 e6 2. d4 d5 3. Nd2 a6 4. Ngf3 c5 5. c3 {This interesting move became
very popular in modern practice} Nc6 6. Bd3 cxd4 7. cxd4 Nf6 $146 {New and
maybe not the best one move} (7... Nge7 8. O-O Ng6 9. a3 Be7 10. b4 O-O 11. Bb2
Nf4 12. Bc2 b6 13. e5 Bd7 14. g3 Ng6 15. Bd3 f6 16. Qe2 fxe5 17. dxe5 b5 18.
Rac1 Na7 19. Nd4 $16 {1-0 Ivanchuk,V-Nikolic,P/Amber rapid 1998 (46)}) (7...
Nb4 8. Be2 dxe4 9. Nxe4 Be7 10. O-O Nf6 11. Nxf6+ Bxf6 12. Ne5 O-O 13. Bf4 Nd5
14. Bg3 b5 15. Qb3 Qb6 16. Rfd1 Rd8 17. Qf3 Bb7 18. Bd3 Bxe5 19. Bxe5 f6 20.
Qh5 h6 21. Qg6 fxe5 22. Qh7+ {Brunold,T-Kupper,P/Graechen op 1999/0-1 (32)}) ({
Black continued as usual in this position} 7... dxe4 $5 8. Nxe4 Be7 (8... Nb4
9. Bb1 Be7 10. Ne5 Nf6 11. Ng5 O-O 12. O-O g6 13. Ngf3 Nc6 14. Bg5 Bd7 15. Bxf6
Bxf6 16. Be4 Rb8 $1 17. Rc1 Ne7 $11 {0-1 Smirin,I-Dolmatov,S/Klaipeda 1988 (42)
}) 9. O-O Nf6 {with unclear game, for example} 10. a3 (10. Be3 O-O 11. Ne5 Bd7
12. Qf3 Rc8 13. Rad1 Nxe4 14. Bxe4 f5 $1 15. Bxc6 Bxc6 16. Nxc6 bxc6 17. Bf4
Qd5 18. Qe3 Bf6 19. b3 Rfd8 20. Be5 Bxe5 {1/2-1/2 Smirin,I-Short,N/Elista ol
1998 (20)}) 10... O-O 11. Be3 Nd5 12. Rc1 Qb6 13. Qc2 h6 14. Nc5 Rd8 15. b4 Bd7
16. Bc4 Bf8 17. Qe4 Nce7 18. Ne5 Bb5 $13 {1-0 Short,N-Kiriakov,P/Isle of Man
op 1999/CBM 74 (45)}) 8. e5 Nd7 9. O-O Be7 10. Nb3 ({Also possible} 10. Re1 $5
{[%cal Gd2f1,Gf1g3]}) 10... a5 $5 {[%cal Ga5a3,Gb7b6,Gc8a6]} 11. a4 Nb4 ({
Deserves attention} 11... b6 $5 $13 {with the draem to exchange in future
light coloured bishops.}) 12. Bb1 b6 13. Re1 Ba6 14. Bd2 Rc8 15. Nc1 $14 Nf8 {
Too creative! It was not easy for White to organize real attack on the king
side after simple} (15... O-O $5) 16. Ra3 $1 {[%cal Ga3g3]} g5 $6 {[%csl Re8]
Continuation of the wrong plan The text move is artificial and throws Black
into serious trouble. It is clear that it is not Black who must play on this
side of the board!} 17. h3 h5 18. Rc3 $1 Rc4 (18... g4 19. hxg4 hxg4 20. Nh2
Rxc3 21. bxc3 g3 22. fxg3 Nc6 23. Nf3 $16) 19. Ne2 {[%cal Ge2g3,Ge2c3]} Rg8 (
19... g4 20. hxg4 hxg4 21. Nh2 {[%csl Rg4]}) 20. Nh2 Qd7 21. Rg3 $16 {Black
has many weaknesses and now it is just question of time when White'll organize
decisive attack} Rc7 22. Nc3 {[%csl Gc3,Re8,Rg5,Rh5]} h4 23. Rf3 {[%cal Rh2g4,
Rg4f6]} Qc6 24. Ng4 Rg7 25. Nf6+ Bxf6 26. exf6 $1 {Even stronger, than} (26.
Rxf6 Bd3 27. Rh6 $16 {also with big advantage}) 26... Rg8 27. Rf5 $1 $18 {
[%cal Gf5g5] Final blow!} g4 28. hxg4 Kd8 (28... Nd7 29. Qf3 Kd8 30. Rh5) 29.
Rg5 (29. Rh5 $5) 29... Rxg5 30. Bxg5 Qc4 31. Bh6 $1 (31. Re3 $5 {[%csl Rd3]
[%cal Ge3h3]}) 31... Nd7 32. Bf4 Rc8 33. g5 {[%cal Gd1h5]} Nd3 34. Bxd3 Qxd3
35. Qh5 1-0

[Event "FIDE-Wch k.o."]
[Site "Tripoli"]
[Date "2004.06.22"]
[Round "2.3"]
[White "Ye, Jiangchuan"]
[Black "Ni, Hua"]
[Result "1-0"]
[WhiteElo "2681"]
[BlackElo "2587"]
[Annotator "Psakhis,L"]
[PlyCount "77"]
[EventDate "2004.06.19"]
[EventType "k.o."]
[EventRounds "7"]
[EventCountry "LBY"]
[SourceTitle "CBM 102"]
[Source "ChessBase"]
[SourceDate "2004.09.23"]
[SourceVersion "1"]
[SourceVersionDate "2004.09.23"]
[SourceQuality "1"]

1. e4 e6 2. d4 d5 3. Nd2 c5 4. Ngf3 cxd4 5. exd5 Qxd5 6. Bc4 Qd6 7. O-O Nf6 8.
Nb3 Nc6 9. Nbxd4 Nxd4 10. Nxd4 a6 (10... Bd7 11. c3 Qc7 12. Qe2 Bd6 13. Nb5
Bxb5 14. Bxb5+ Ke7 15. g3 $14 {[%csl Gb5,Gc1]}) 11. Bb3 (11. Re1 $5) 11... Qc7
12. Qf3 Bd6 13. Kh1 $5 (13. h3 O-O 14. Bg5 Nd7 15. c3 b5 16. Rfe1 Bb7 17. Qh5
Nc5 18. Bc2 g6 19. Qh4 Rfe8 20. Re3 Be7 21. Rae1 Rad8 22. b4 Bxg5 23. Qxg5 Rd5
24. Nf5 $1 $40 {1-0 Akopian,V-Gonzalez Garcia,J/Wch KO Tripoli 2004/(38)})
13... O-O 14. Bg5 Nd7 15. c3 Ne5 16. Qh3 $5 (16. Qh5 $5 Ng6 17. Bc2 h6 18. Bd2
(18. Nf3 b5 19. Rad1 Bf4 20. Bxf4 Nxf4 21. Qe5 Qxe5 22. Nxe5 Bb7 23. f3 Rfd8
$11 {Ivanchuk,V-Anand,V/Reggio Emilia 1991//1/2-1/2 (44)}) 18... Bf4 19. Rad1
Bxd2 20. Rxd2 Nf4 21. Qh4 Bd7 22. Rfd1 Rad8 23. Nf3 Nd5 24. Qg3 $14 {Rublevsky,
S-Gouliev,N/FRA t-ch 2004/1-0 (46)}) 16... Ng6 17. Rad1 $5 $146 (17. Bc2 h6 18.
Be3 Nf4 19. Qf3 Bd7 20. Rad1 Rad8 21. Qe4 Ng6 22. Qg4 Nf4 23. Qh4 Bc8 $11 {
Vokarev,S-Biriukov,O/St Petersburg 300 Years 2003//1/2-1/2 (57)}) 17... b5 (
17... b6 $5) ({Worth considering} 17... Nf4 $5 18. Qh4 (18. Bxf4 Bxf4 19. Bc2
g6 {[%csl Gf4]}) 18... h6 19. Bc2 Ng6 20. Bxg6 fxg6 21. Be3 e5 $13) 18. Bc2 Bf4
(18... Re8 $5) 19. Nf3 {[%cal Gf3g5] This is also a typical maneuver for such
positions.} (19. Bxg6 $6 hxg6 20. Bxf4 Qxf4 21. Nc6 Qf6 $11) (19. Be4 Ra7 20.
Bxf4 Qxf4 21. Bxg6 hxg6 22. Nc6 Rc7 23. Rd4 Qf5 $1) 19... e5 20. Qh5 Bb7 $8 21.
Bxf4 $1 Bxf3 (21... exf4 $2 22. Ng5 h6 23. Nxf7 $18) 22. Qxf3 Nxf4 23. g3 {
[%csl Gc2,Rf4] In my opinion White has some advantage here; maybe small, but
lasting.} Ng6 (23... Ne6 24. Rfe1 $5 $14) 24. Bb3 Rad8 25. h4 $36 Rfe8 (25...
h6 $5) 26. Rfe1 (26. h5 $5 Nf8) 26... Rxd1 27. Rxd1 e4 (27... Nf8 $5 $14) 28.
Qf5 {Despite numerous exchanges, White has maintained an edge.} Nf8 (28... Re7
29. Qd5 $36) 29. Re1 {[%csl Re4]} g6 (29... Qd7 $142 $5 30. Qd5 $5 Qxd5 31.
Bxd5 Rd8 32. c4 bxc4 33. Bxc4 Rd2 $14 {Of course an endgame is in White's
favour but Black will have good chances for succesful defence.}) 30. Qf6 {
[%cal Gh4h5] White succeeded to consolidate all his pieces and has strong
pressure in the center and king's side.} Qb7 31. Kg1 (31. h5 $5 $16 {[%cal
Rh5h6]} e3+ $140 32. Kh2) 31... Ne6 32. Rd1 {Despite the reduced material,
White can still generate dangerous threats.} (32. h5 $5) 32... e3 $6 {Black
slips up in a difficult position.} (32... Qe7 $142 33. Qxe7 Rxe7 34. Rd6 $36 {
[%csl Gb3,Gd6]}) 33. fxe3 Qe4 {This attempt meets the tactical refutation.} 34.
Rd7 $1 Qxe3+ (34... Rf8 35. Rxf7 Qxe3+ 36. Kh2 Rxf7 37. Bxe6 $18) 35. Kh2 Qe2+
36. Kh3 $18 Ng5+ 37. hxg5 $1 (37. Qxg5 $2 Qf1+ 38. Kg4 h5+ $19) 37... Qh5+ 38.
Kg2 Re2+ 39. Kf1 1-0

[Event "MK Cafe Cup-A"]
[Site "Koszalin"]
[Date "1999.08.06"]
[Round "4"]
[White "Kaminski, Marcin"]
[Black "Kruppa, Yuri"]
[Result "0-1"]
[WhiteElo "2523"]
[BlackElo "2603"]
[Annotator "Psakhis,L"]
[PlyCount "80"]
[EventDate "1999.08.03"]
[EventType "swiss"]
[EventRounds "9"]
[EventCountry "POL"]
[SourceTitle "CBM 073"]
[Source "ChessBase"]
[SourceDate "1999.12.01"]
[SourceVersion "1"]
[SourceVersionDate "1999.12.01"]
[SourceQuality "1"]

1. e4 e6 2. d4 d5 3. Nd2 c5 4. exd5 Qxd5 5. dxc5 {Rare and modest move doesn,t
promise any advantage to white, but even Kasparov the Great played it once!} ({
More common is} 5. Ngf3 cxd4 6. Bc4) 5... Bxc5 6. Ngf3 Nf6 7. Bd3 ({White
could play also} 7. Bc4 {but after , for example} Qd6 8. O-O O-O 9. Qe2 Qc7 10.
Nb3 Bd6 11. Bg5 Nbd7 12. Bd3 b6 13. Nbd4 a6 14. Rad1 Bb7 $11 {0-1 Li Ruofan-Yu
Shaoteng/Beijing op 1997 (34) Black is Ok}) 7... b6 (7... Nbd7 8. Qe2 b6 9. Ne4
Bb7 10. Nxc5 Qxc5 11. O-O O-O 12. Be3 Qc7 13. Bd4 Nc5 14. Be5 Qe7 15. Bc4 Ncd7
16. Bd4 Rac8 17. Bb3 {1/2-1/2 Yakovich,Y-Speelman,J/Leeuwarden op 1997 (17)}) (
{Black did well and after} 7... O-O 8. Qe2 Nbd7 9. Ne4 ({after} 9. Nb3 Qh5 10.
O-O b6 11. Bf4 Qg4 12. Bg3 Bb7 13. Ne5 Nxe5 14. Qxe5 Rac8 {0-1 Mainka,R-Glek,I/
Bad Zwesten op 1999 (23) chances are approximately equal}) 9... b6 10. Nxc5
Qxc5 11. Be3 Qc7 12. Bd4 Bb7 13. O-O-O Nc5 14. Be5 Nxd3+ 15. Rxd3 Qc4 $1 {
0-1 Kasparov,G-Anand,V/Reggio Emilia 1991/Inf 53 (49) with complicated game})
8. Qe2 Bb7 9. b3 $146 {New move, doesn,t changed estimation position as equal.}
(9. Nb3 Nbd7 10. Bg5 (10. Bf4 a6 11. O-O-O Qh5 12. h3 Bxf3 13. gxf3 Nd5 14. Bd2
O-O 15. c4 Ne7 $13 {Martinovic-Marjanovic/Yugoslavia Ch 1986/0-1 (35)}) 10...
h6 11. Bf4 O-O 12. O-O-O Qh5 13. Nbd4 Be7 14. Rhg1 Qa5 $11 {1/2-1/2 Lastin,
A-Komarov,D/YUG t-ch 1999 (14)}) 9... Nc6 10. Bb2 O-O-O 11. Bc4 (11. O-O Nd4
12. Bxd4 Bxd4 13. Rad1 $13) (11. Ba6 $5) 11... Qf5 12. Bd3 Qh5 {Kruppa doesn,t
want to repeat moves- clear mark that white got nothing from opening.} 13. Ba6
Qg6 14. Bxb7+ Kxb7 15. O-O-O ({In the case of pawn sacrifice} 15. O-O Qxc2 16.
Bxf6 gxf6 17. Rac1 Qd3 $17 {white will not get reasonable compensation.}) 15...
Nb4 $1 16. Nc4 (16. Qc4 Rc8 $5 {[%cal Rc8c2]} 17. Ne5 $140 Qf5 18. g4 Nxg4 $1)
16... Qe4 $5 ({Much weaker was to continue} 16... Nxa2+ 17. Kb1 Nb4 18. Nfe5 {
[%csl Rf7]}) 17. Qxe4+ Nxe4 18. Bxg7 Nxf2 $1 19. Bxh8 Nxd1 20. Rxd1 {Kaminsky
decides to play ending N+N versus R+P} ({He could try} 20. a3 $5 {but after
almost force} Na2+ $1 21. Kb1 Nac3+ 22. Bxc3 Nxc3+ 23. Kb2 Nd1+ 24. Kc1 Nf2 25.
Rf1 b5 $1 26. b4 bxc4 27. bxc5 Ne4 28. Ne5 f5 $15 {it still will be not so
easy for White to make draw.}) 20... Nxa2+ 21. Kb2 Rxd1 22. Kxa2 Rf1 {[%cal
Gf1f2,Rf2c2,Rf2h2]} 23. Bc3 Rf2 24. Ne1 (24. b4 $5) 24... Re2 25. Kb2 (25. Ne5
$5 Bf2 26. N5d3) 25... b5 26. Na5+ (26. b4 $6 bxc4 (26... Bf2 27. Na5+ Kc7 28.
Nf3) 27. bxc5 Kc6 $17 {[%csl Rc5,Rg2,Rh2]}) 26... Kc7 27. b4 Bd6 28. Nb3 (28.
h3 Bg3) 28... a6 (28... Bxh2 $6 29. Nd4) 29. Nc1 $2 {Serious mistake. White
could keep balance if they will continue} (29. Nd4 $1 Rf2 (29... Re4 30. Nef3
e5 $140 31. Nf5) 30. Ndf3 {and maybe best what black could do is the move
repetition} Re2 $5 $11) 29... Re4 $1 {[%csl Rb4,Rh2] Now Kaminsky lose another
pawn and black,s wictory is just question of time} 30. Ncd3 Bxh2 31. Nc5 Re2
32. Nxa6+ Kc6 {[%cal Rh2g3]} 33. Nc5 Bg3 34. Ncd3 e5 35. Nf3 f6 $1 $19 {
[%csl Rg2,Gh7]} 36. Nde1 Kd5 {[%cal Re5e4]} 37. Kc1 e4 38. Nd4 Rxe1+ 39. Bxe1
Bxe1 40. Kd1 $2 {Desperation. White still could try to organise some small
resistance after} (40. Nxb5 Bxb4 $19 {[%cal Gf6f4,Gh7h3]}) 40... Kxd4 0-1

[Event "Petrov Memorial op"]
[Site "St Petersburg"]
[Date "2000.02.08"]
[Round "2"]
[White "Vorobiov, Evgeny E"]
[Black "Biriukov, Oleg V"]
[Result "0-1"]
[WhiteElo "2500"]
[BlackElo "2384"]
[Annotator "Psakhis,L"]
[PlyCount "90"]
[EventDate "2000.02.05"]
[EventType "swiss"]
[EventRounds "9"]
[EventCountry "RUS"]
[SourceTitle "CBM 076"]
[Source "ChessBase"]
[SourceDate "2000.05.31"]
[SourceVersion "1"]
[SourceVersionDate "2000.05.31"]
[SourceQuality "1"]

1. e4 e6 2. d4 d5 3. Nd2 c5 4. Ngf3 cxd4 5. exd5 Qxd5 6. Bc4 Qd6 7. O-O Nf6 8.
Nb3 Nc6 9. Nbxd4 Nxd4 10. Nxd4 a6 11. b3 Qc7 12. Qe2 (12. Bb2 Bd6 13. Nf3 b5
14. Bd3 Bb7 15. Qe2 Nd5 16. Be4 O-O 17. g3 f5 18. Bd3 Rae8 19. Be5 Nc3 20. Qe3
Bxe5 21. Nxe5 f4 $132 {1/2-1/2 Kholmov,R-Gretarsson,H/Pardubice op 1999 (66)})
12... Be7 {Modest move, most principal move in this position is, surely} (12...
Bc5 {and after for example} 13. Bb2 (13. Nf5 O-O 14. Nxg7 Kxg7 15. Bb2 {
1-0 Geller,E-Kindermann,S/Dortmund 1989 (23)} Rg8 $1 $13) 13... O-O 14. Nf3 b5
15. Bd3 Bb7 16. Ne5 Rad8 17. a4 Bd4 18. Bxd4 Rxd4 19. axb5 axb5 20. Ra7 Qb8 21.
Rfa1 Be4 22. Nf3 Bxd3 {1/2-1/2 Ochsner,T-Brinck Claussen,B/DEN t-ch 2000 (22)
Black doing well}) ({Deserves attention and} 12... Bd6 {with big and unclear
complications-} 13. Nf5 Bxh2+ 14. Kh1 O-O 15. Nxg7 Be5 $1 16. Bh6 $1 Bxa1 17.
Rxa1 Qc5 $5 18. Rd1 b5 19. Be3 Qe5 20. f4 Ne4 $1 21. fxe5 Ng3+ 22. Kh2 Nxe2 23.
Bxe2 Kxg7 24. Bg5 f5 25. exf6+ Kg6 26. Bh4 $13 {1/2-1/2 Cseshkovsky,
V-Stirenkov,V/USSR i48 1989 (34)}) 13. a4 $146 (13. Bb2 O-O 14. Nf3 b5 15. Bd3
Nd5 16. Be5 Bd6 17. c4 Bxe5 18. Nxe5 bxc4 19. bxc4 Nf6 $11 {1/2-1/2 Zuidema,
C-Fuchs,R/Vrnjacka Banja zt 1967 (30)}) 13... O-O 14. Bb2 Rd8 15. Rad1 Bd6 16.
Nf3 Bd7 17. Rd4 $5 {This rook lift allows White to create concrete threats in
the near future} ({Black has nothing to worry about after} 17. Bxf6 gxf6) 17...
b5 $1 18. Bd3 (18. axb5 $6 axb5 19. Bxb5 Bxb5 (19... Ra2 $5) 20. Qxb5 Qxc2 $36)
18... e5 19. Rh4 Re8 20. axb5 Bxb5 $5 (20... axb5 21. Re1 Ra2 $6 22. Bxe5 $1
Bc6 23. Bxd6 (23. Bxh7+ $6 Nxh7 24. Qd3 Bxe5 25. Qxh7+ Kf8 26. Qh8+ Ke7 27.
Qxg7 Kd8 $1 28. Nxe5 Qxe5 $1) 23... Qxd6 24. Qd1 $16) 21. c4 Bc6 {[%csl Rb3]
[%cal Gc7b7]} 22. Qe3 Qb7 23. c5 Bc7 24. Bc4 {[%csl Gc4]} Re7 25. Rd1 Rae8 26.
Rh3 $1 {[%cal Gf3h4,Gh4f5] Prreparing so dangerous for black knight
activization.} h6 27. Nh4 Nd5 $6 ({Much stronger} 27... Rd7 $142 $5 28. Rxd7
Bxd7 29. Rg3 Qe4 $132) 28. Qg3 {[%cal Rh4f5] Black monarch now in serious
danger} (28. Bxd5 Bxd5 29. Nf5 Re6 30. Rg3 Rg6 31. Rxg6 fxg6 32. Nd6 Bxd6 33.
cxd6 Qxb3 34. Qxb3 Bxb3 $11) 28... Re6 $8 29. Qg4 Rf6 (29... Nf6 30. Qe2 Bb5 $1
31. Nf5 $36) 30. Rg3 g6 31. Nf5 Kh7 32. Nxh6 $1 {[%mdl 512] This knight
sacrifice is absolutely correct and it looks that White must win game just in
few moves.} Kxh6 33. Qh4+ Kg7 34. Rh3 g5 {What else?} (34... Rfe6 35. Qh7+ Kf8
36. Bxd5 Bxd5 37. Bc1 $1 {[%cal Rc1g5]} e4 (37... Ke7 38. Bg5+ Kd7 39. Rhd3 $18
) 38. Qh6+ Ke7 39. Qg5+ Kd7 40. Rxd5+ $16 {looks terrible}) (34... Rf5 {
also meet refutation} 35. g4 $1 Nf4 (35... Rf4 36. Bxd5 Rxg4+ (36... Bxd5 37.
Qh6+ Kf6 38. Qxf4+ $18) 37. Qxg4 Bxd5 38. Qh4 $18) 36. Qh6+ Kf6 37. Rg3 $5 $40
{with decisive attack}) 35. Qh7+ Kf8 {[%tqu "En","Try to find correct and nice
way to victory","","","b2a3","",0]} 36. Re1 $4 {[%mdl 8192] Terrible mistake!}
(36. Ba3 $3 {[%cal Ra3f8,Rd1d5] wins very quickly-} g4 (36... Nb4 37. Bxb4 Qxb4
38. Rh6 $1 $18) 37. Rxd5 Ke7 (37... gxh3 38. Rd7 $1) 38. Re3 $18) 36... Ree6 $1
(36... Qb4 $1) 37. Qd3 Nf4 $19 {Situation on the board changed completely just
in two moves} 38. Rh8+ Ke7 39. Qd2 Nxg2 $6 (39... Bb5 $1) 40. Bxe6 $2 (40. Rxe5
$1 Nf4 41. Bxe6 Nxe6 {was the last chance to organize some resistance} 42. Rxg5
$1 $17) 40... Nxe1 41. Bg4 Nf3+ 42. Bxf3 Bxf3 43. c6 Qxc6 44. Rc8 Qd7 45. Ba3+
Ke6 0-1

[Event "Athens Acropolis"]
[Site "Athens"]
[Date "2004.11.20"]
[Round "5"]
[White "Schmaltz, Roland"]
[Black "Foisor, Ovidiu Doru"]
[Result "1-0"]
[WhiteElo "2528"]
[BlackElo "2376"]
[Annotator "Psakhis,L"]
[PlyCount "53"]
[EventDate "2004.11.16"]
[EventType "tourn"]
[EventRounds "9"]
[EventCountry "GRE"]
[EventCategory "10"]
[SourceTitle "CBM 105"]
[Source "ChessBase"]
[SourceDate "2005.04.11"]
[SourceVersion "1"]
[SourceVersionDate "2005.04.11"]
[SourceQuality "1"]

1. e4 e6 2. d4 d5 3. Nd2 c5 4. exd5 Qxd5 5. Ngf3 cxd4 6. Bc4 Qd6 7. Qe2 $5 Nf6
8. Nb3 Nc6 9. Bg5 Qb4+ (9... Be7 10. O-O-O e5 11. Bb5 Bg4 12. Qxe5 Qxe5 13.
Nxe5 Bxd1 14. Nxc6 Be2 15. Nxe7+ Bxb5 16. Nf5 O-O 17. Bxf6 gxf6 18. Nbxd4 Bd7
19. Rd1 Bxf5 20. Nxf5 Rfd8 21. Nd4 Rac8 22. c3 Rc5 23. Kc2 Rg5 {1/2-1/2 Zaw
Win Lay-Villamayor,B/Asean GM Bangkok 2004/ChessBase (32)}) (9... a6 $5) 10.
Bd2 Qb6 11. O-O-O Bd7 (11... Be7 12. Bf4 Nh5 13. Be5 O-O 14. Nbxd4 Nxe5 15.
Nxe5 Nf4 16. Qe4 Ng6 17. Nxg6 hxg6 18. h4 Qc5 19. Nb3 Qxf2 20. h5 Qf5 21. Qe2
Bf6 22. Rdf1 Qe5 {1-0 Berg,E-Nygren,D/Stockholm RC 2005/ (60)}) 12. Bg5 Rc8 $6
{I don't like this move.} (12... Bc5 $142 $5 {with possible continuation} 13.
Kb1 (13. Ne5 Nxe5 14. Qxe5 Bd6 15. Qxd4 Qxd4 16. Nxd4 Bc5 17. Rhe1 (17. f3 h6
18. Bh4 a6 19. Rhe1 O-O-O 20. Rd3 Bxd4 21. Rxd4 g5 22. Bg3 Bb5 23. Bxb5 Rxd4
24. Be5 Rf4 25. g3 Rf5 26. Bd3 Rxe5 {1/2-1/2 Deepan,C-Vakhidov,T/Pune op 2004/
The Week in Chess 514}) 17... O-O-O 18. f3 Rhe8 {1/2-1/2 Satyapragyan,S-Lahno,
K/Dubai op 2004/The Week in Chess 494}) 13... O-O-O 14. Ne5 Nxe5 15. Qxe5 Bd6
16. Qe2 h6 (16... Bc6 17. Rxd4 Bb4 18. Be3 Rxd4 19. Bxd4 Qc7 20. Bxa7 b6 21.
Ba6+ Kd8 22. Qc4 Bd6 23. Bb8 Qd7 24. Bxd6 Qxd6 25. f3 Ke7 {0-1 Vysochin,
S-Kobylkin,E/UKR-ch Kharkov 2004/ (76)}) 17. Bd2 Bb4 18. Bxb4 Qxb4 19. Nxd4 Kb8
20. f4 Qc5 21. Nf3 Ng4 22. Rd4 Bc8 23. Rhd1 Rxd4 24. Nxd4 e5 25. h3 exd4 26.
hxg4 Bxg4 27. Qxg4 {Adams,M-Akopian,V/Enghien-les-Bains 88/248 2003/ 1/2-1/2 
(61)}) 13. Nfxd4 Nxd4 $6 $146 {A new and rather provocative continuation which
is possible to evaluate as another step in the wrong direction.} (13... Be7
$142 14. Bxf6 $5 (14. Nb5 Nb4 15. Be3 Qc6 16. Na5 Qe4 17. Nxa7 Ra8 18. Bb5 O-O
19. Bxd7 Rxa7 20. f3 Nxa2+ 21. Kb1 Qb4 22. Nb3 b6 23. Rd4 Qc3 24. Bb5 Qc7 25.
Qc4 Qb8 26. Bd2 Nd5 27. Qe2 Rc8 28. Rc4 {Ginsburg,G-Luther,T/BL2 0001 2001/0-1}
) 14... Bxf6 15. Nb5 Be5 16. Nd6+ Bxd6 17. Rxd6 Qc7 18. Rhd1 $36) 14. Rxd4 Bc5
{Now White could destroy his opponent's pawn structure and get the better
position without any counter-play for Black.} ({But and after more solid} 14...
Be7 15. Rhd1 Bc6 $8 16. Bxf6 Bxf6 (16... gxf6 17. Qg4 Kf8 18. Qh3 $16 {[%csl
Rf8]}) 17. Bxe6 O-O (17... fxe6 18. Qxe6+ $18) 18. Bxc8 Bxd4 19. Nxd4 Rxc8 20.
Nf5 $16 {white's advantahe is obvious}) 15. Bxf6 gxf6 16. Nxc5 Rxc5 (16... Qxc5
17. Rhd1 b5 $8 18. Bb3 Rd8 19. Qd2 Qe7 20. Qh6 $18 {[%csl Re8][%cal Rd4d8]})
17. Rhd1 {Black king gets stuck in the centre for a long time , which gives
White an edge.} Bc6 (17... Ba4 18. Qf3 Ke7 (18... f5 19. Qa3 {[%csl Ra4][%cal
Gd4d8]}) 19. Qa3 Bb5 20. Bxb5 Qxb5 21. Rb4 Qc6 22. Rxb7+ $1 Qxb7 23. Qxc5+ $18)
18. Bxe6 $1 {Refuting his opponent's strategy in the most energetic way.} O-O
19. Bb3 $18 Rg5 (19... Re8 20. Qg4+ Rg5 21. Qf4 Bxg2 22. Rd7 $18 {[%csl Gb3,
Gd7]}) 20. Qe7 (20. f4 $142 $5 Rxg2 21. Qe7 {[%cal Rd4d8]} Kg7 22. Rd6 $18)
20... Qc5 $8 21. Qxf6 (21. Qxc5 Rxc5 22. Bd5 {also enough for victory, but why
white must exchange queens!? These simplifications could make Black's task
easier}) 21... Rxg2 22. Rf4 Qh5 $8 23. h4 a6 (23... Qg6 24. Qe7) 24. c3 Qg6 25.
Qe7 Kg7 (25... Qh6 26. Bxf7+ Kh8 27. Kb1 $1) 26. Qe5+ (26. Rd6 $5 Qh5 (26...
Rg1+ 27. Kd2) 27. Rdf6) 26... Kg8 (26... f6 27. Qe7+) 27. Bxf7+ $1 (27. Bxf7+
Rxf7 28. Rd8+) 1-0